000 00473nam a2200181Ia 4500
003 LK-CoDNM
005 20240129150624.0
008 010623t1910 xxu||||| |||| 00| 1 sin d
040 _aLK-CoDNM
_dLK-CoDNM
_eLK-CoDNM
041 _asin
080 _a104
_bN 12
100 _aJayatilaka,D.H
245 _aසාරවුසද ඔවා දීපනී
246 _aSarausada ova dipani
260 _bSri Lankodaya
_aColombo
_c1910
300 _b27p, 21 cm
942 _cBK
999 _c87394
_d87394